Slovenské papierové peniaze v rokoch 1939-1945
Poznatky o vzniku a vývoji slovenských papierových platidiel, doplnené o nové výsledky bádania v archívoch. Obdobie 1939-1945 zanechalo rad technicky, výtvarne a ideovo hodnotných bankoviek.
Gespeichert in:
| 1. Verfasser: | |
|---|---|
| Format: | Buchkapitel |
| Sprache: | Slowakisch |
| Schlagworte: | |
| Tags: |
Keine Tags, Fügen Sie das erste Tag hinzu!
|
MARC
| LEADER | 00000naa a2200000 4500 | ||
|---|---|---|---|
| 001 | r014847 | ||
| 005 | 20221205085906.4 | ||
| 041 | 0 | |a slo | |
| 044 | |a SK | ||
| 245 | 1 | 0 | |a Slovenské papierové peniaze v rokoch 1939-1945 |c Z. Šustek |
| 520 | |a Poznatky o vzniku a vývoji slovenských papierových platidiel, doplnené o nové výsledky bádania v archívoch. Obdobie 1939-1945 zanechalo rad technicky, výtvarne a ideovo hodnotných bankoviek. | ||
| 610 | 2 | 0 | |a bankovky |
| 610 | 2 | 0 | |a Slovensko |
| 610 | 2 | 0 | |a 1939-1945 |
| 610 | 2 | 0 | |a vývoj |
| 100 | 1 | |a Šustek, Z. | |